| 000 | 00490nam a2200169Ia 4500 | ||
|---|---|---|---|
| 999 |
_c28437 _d28437 |
||
| 003 | OSt | ||
| 005 | 20201216151146.0 | ||
| 008 | 190216s9999||||xx |||||||||||||| ||und|| | ||
| 040 | _coclc | ||
| 082 |
_a894.812 _bKAR/A |
||
| 100 |
_aKarthikeyan, Shornur _97265 |
||
| 245 | 0 |
_aAasayacharutha / _cShornur Karthikeyan |
|
| 260 |
_bPoorna Publication, _a Kozhikode: _c2004. |
||
| 300 | _a175p | ||
| 650 | _aPrabandam | ||
| 942 |
_cBK _2ddc _h894.812 _iKAR/A _k894.812 _mKAR/A |
||